| 000 | 00922nam a22002057a 4500 | ||
|---|---|---|---|
| 003 | OSt | ||
| 005 | 20221213115022.0 | ||
| 008 | 221213t2007 ck a|||br|||| 00| 0 spa d | ||
| 020 | _a9789583024931 | ||
| 040 |
_aCO-JMCR _cCO-JMCR |
||
| 041 | 0 | _aspa | |
| 082 | 0 | 4 |
_223 _a611 / _bA774b |
| 100 | 1 |
_aArredondo, Francisco, _eilustrador _942508 |
|
| 245 | 1 | 0 |
_aBusca en el cuerpo humano / _cdiseño e ilustraciones, Francisco Arredondo |
| 260 |
_aBogotá : _bPanamericana, _c©2007 |
||
| 300 |
_a29 páginas : _bilustraciones a color ; _c29 cm |
||
| 505 | 0 | _aUn recorrido por el cuerpo -- la parte más frágil -- los cinco sentidos -- El corazón y la sangre -- El aparato respiratorio -- El aparato digestivo -- Los que mueven el cuerpo -- Nuestros huesos -- Los filtros del cuerpo -- La maravilla de la vida -- 9 meses increíbles -- Consejos para la salud | |
| 650 | 1 | 4 |
_aAnatomía humana _xNiños _942509 |
| 942 |
_2ddc _cBK |
||
| 999 |
_c29790 _d16174 |
||